| 000 | 01734nam a22004217a 4500 | ||
|---|---|---|---|
| 001 | 000106308 | ||
| 003 | CHAP | ||
| 005 | 20220329143841.0 | ||
| 008 | 120124s2011 mx r 00010 spa d | ||
| 010 | _a102770 | ||
| 011 | _a103742 | ||
| 035 | _a114431 | ||
| 040 | _cCHAP | ||
| 090 | _aTesis | ||
| 100 | 1 |
_aTriana Gutiérrez, Mariana. _9114903 |
|
| 245 | 1 | 0 |
_aEvaluación económica de la utilización de biofertizantes en parcelas de productores de maíz y frijol de temporal en cuatro municipios del Estado de Durango _h[En línea] _c/por Mariana Triana Gutiérrez. |
| 260 |
_aBermejillo, Dgo. : _bEl autor, _c2011. |
||
| 500 | _aPara ver el contenido del material haga clic en la liga | ||
| 502 | _aTesis (Ing. Agr. en Sistemas Agricolas de Zonas Áridas) -- UACH. Unidad Regional Universitaria de Zonas Áridas | ||
| 590 |
_aALEPH _b10 _c20130110 _lUCH01 _h1544 |
||
| 590 |
_aBATCH-UPD _b10 _c20130110 _lUCH01 _h1203 |
||
| 590 |
_aBATCH-UPD _b10 _c20130410 _lUCH01 _h0522 |
||
| 590 |
_aBATCH-UPD _b10 _c20130914 _lUCH01 _h0642 |
||
| 590 |
_aBATCH-UPD _b10 _c20140324 _lUCH01 _h1530 |
||
| 590 |
_aBATCH-UPD _b10 _c20141002 _lUCH01 _h0852 |
||
| 590 |
_aCONVERSION _b10 _c20130109 _lUCH01 _h1357 |
||
| 590 |
_aE11695DGD _b10 _c20141006 _lUCH01 _h1142 |
||
| 650 | 1 | 4 |
_aBiofertilizantes. _912734 |
| 650 | 1 | 4 |
_aCultivos _xDurango. _930252 |
| 650 | 1 | 4 |
_aFertilizantes _xEfecto en frijol. _940511 |
| 650 | 1 | 4 |
_aFertilizantes _xEfecto en maíz. _940527 |
| 856 |
_3Finding aid _uhttp://10.13.5.2/tesis/114431.pdf _zTeclea aqui |
||
| 901 | _aBK | ||
| 942 | _cFOLL | ||
| 942 | _n0 | ||
| 949 |
_aTesis _bBC _cTES _d33724002323504 _eTS1 _gDonaciØn _h53288 _i114431 _st |
||
| 949 |
_aTesis _bBC _cTES _d33724002323545 _eTS2 _fc.2 _gDonaciØn _h53289 _i114431 _st |
||
| 999 |
_c102770 _d102770 |
||